000 005180000a22001810004500
003 MACL
005 20160611163623.0
008 160611b xxu||||| |||| 00| 0 eng d
040 _aMACL
_cmacl
041 _aHindi
082 _a891.431
100 _aगुप्‍त, श्रीमैथिलीशरण
_942643
245 _aसाकेत
_cश्रीमैथिलीशरण गुप्‍त
260 _aझॉसी
350 _a18
650 _aPoetry
_964498
942 _cHIN
_k891.431
_2ddc
999 _c29220
_d29220